000 00794nam a2200229 a 4500
001 13039
003 BD-JhCC
005 20230614112954.0
008 230614s2022 bg |||| |||| 000 0 ben d
020 _a9879849474401
035 _a(BD-JhCC)13039
040 _aBD-JhCC
_dBD-JhCC
041 _aben
082 _a616
_bCHO 2022
100 _aচৌধুরী, ডা. অপূর্ব
245 _aরোগ ও আরোগ্য :
_bদৈনন্দিন জীবনে সুস্থ্য থাকার উপায় /
_cডা. অপূর্ব চৌধুরী
260 _aঢাকা :
_bভাষাচিত্র,
_c২০২২
300 _a১৪১ পৃ. :
_c২১ সেমি.
650 _aDiseases
650 _aInternal medicine
942 _2ddc
_cBK
999 _c13039
_d13039